000 00839nam a2200253Ia 4500
003 OSt
005 20220923221104.0
006 a|||||r|||| 00| 0
007 ta
008 220922b |||||||| |||| 00| 0 hin d
024 _a194,899
037 _cTextual
040 _aARTS
_cARTS
_bhin
041 _2hin
_ahin
082 _aO152,3M80w, M0
100 _aगोयनका, कमलकिशोर
_9156292
245 0 _aप्रेमचन्द का संस्मरण
246 _aPremachanda kā sansmaraṇa
260 _aदिल्ली
_b सरस्वती विहार
_c1980
300 _a158पृ.
_ccm.
650 _aहिन्दी साहित्य
_9156264
942 _hO152,3M80w, M0
_cTEXL
_2CC
999 _c347162
_d347162